Most Beautiful Country Flags - Statistics

General Stats
  • This quiz has been taken 29 times
  • The average score is 8 of 20
Answer Stats
Continent Answer % Correct
14 Africa Seychelles
74%
7 Africa South Africa
59%
3 North America Dominica
56%
1 North America Dominican Republic
56%
2 North America Panama
56%
5 North America Bahamas
52%
11 Oceania Marshall Islands
48%
12 North America Saint Kitts and Nevis
48%
9 Oceania Kiribati
44%
10 Oceania Solomon Islands
44%
8 North America Antigua and Barbuda
41%
13 Africa Namibia
41%
6 Africa Comoros
30%
16 Africa Ghana
30%
17 Africa Mauritius
30%
4 Africa Sao Tome and Principe
30%
15 Africa Central African Republic
26%
19 Africa Gabon
26%
20 Africa Rwanda
26%
18 Africa Sierra Leone
7%
No matching quizzes found
Score Distribution
Percent of People with Each Score
Percentile by Number Answered
Your Score History
You have not taken this quiz